Biblioteca y Centro de Documentación

Dictamen 9-1994, sobre el Anteproyecto de Ley sobre Supervisión de los Seguros Privados (Registro nro. 43897)

Detalles MARC
000 -CABECERA
Longitud fija campo de control 01926nam a2200433 c 4500
001 - NÚMERO DE CONTROL
Número de control 43897
003 - IDENTIFICADOR DE NÚMERO DE CONTROL
Identificador del número de control ES-MaCES
005 - FECHA Y HORA DE LA ÚLTIMA TRANSACCIÓN
Fecha y hora de la última transacción 20210726135855.0
007 - PHYSICAL DESCRIPTION FIXED FIELD--GENERAL INFORMAT
Campo fijo de descripción física cr |||||||||||
008 - CAMPO FIJO DE DESCRIPCIÓN FIJA--INFORMACIÓN GENERAL
Códigos de información de longitud fija   981125s1994 sp |||||||||||00||0 spa|d
035 ## - NÚMERO DE CONTROL DEL SISTEMA
Número de control del sistema 0008600000021
040 ## - FUENTE DE CATALOGACIÓN
Centro catalogador de origen ES-MaCES
Lengua de catalogación spa
Centro transcriptor ES-MaCES
245 00 - MENCIÓN DE TÍTULO
Título Dictamen 9-1994, sobre el Anteproyecto de Ley sobre Supervisión de los Seguros Privados
300 ## - DESCRIPCIÓN FÍSICA
Extensión 83 p. (167 Kb.)
593 ## - CES. DATOS DICTAMEN
Comisión de trabajo Economía y Fiscalidad
Identificador D-009-1994
Fecha dictamen 19941123
Tipo sesión Pleno ordinario
Votos aprobados Presentes 50, Sí 28, No 18 y 3 Abstenciones
Votos particulares U.G.T.
-- CC.OO.
-- Grupo Segundo
-- D. Javier Matía Prim
-- Dª Juana María González-Cavada De Cuena
-- Miguel Angel Santos Genero
650 #4 - ASIENTO SECUNDARIO DE MATERIA--TÉRMINO DE MATERIA
Término de materia o nombre geográfico como elemento inicial régimen privado de pensión
9 (RLIN) 30260
650 #4 - ASIENTO SECUNDARIO DE MATERIA--TÉRMINO DE MATERIA
Término de materia o nombre geográfico como elemento inicial protección complementaria
9 (RLIN) 30466
650 #4 - ASIENTO SECUNDARIO DE MATERIA--TÉRMINO DE MATERIA
Término de materia o nombre geográfico como elemento inicial mutualidad
9 (RLIN) 30256
650 #4 - ASIENTO SECUNDARIO DE MATERIA--TÉRMINO DE MATERIA
Término de materia o nombre geográfico como elemento inicial seguros
9 (RLIN) 28121
653 10 - TÉRMINO DE INDEXACIÓN--NO CONTROLADO
Término no controlado Financiación
700 1# - ENCABEZAMIENTO SECUNDARIO--NOMBRE PERSONAL
Nombre de persona García Callejo, José María
Término indicativo de función interviniente
9 (RLIN) 12805
700 1# - ENCABEZAMIENTO SECUNDARIO--NOMBRE PERSONAL
Nombre de persona Aparicio Bravo, Elías
Término indicativo de función interviniente
9 (RLIN) 6384
700 1# - ENCABEZAMIENTO SECUNDARIO--NOMBRE PERSONAL
Nombre de persona Matía Prim, Javier
Término indicativo de función interviniente
9 (RLIN) 18147
700 1# - ENCABEZAMIENTO SECUNDARIO--NOMBRE PERSONAL
Nombre de persona García Díaz, Miguel Ángel
Término indicativo de función interviniente
9 (RLIN) 12862
700 1# - ENCABEZAMIENTO SECUNDARIO--NOMBRE PERSONAL
Nombre de persona Montalvo Correa, Jaime
Término indicativo de función interviniente
9 (RLIN) 18871
700 1# - ENCABEZAMIENTO SECUNDARIO--NOMBRE PERSONAL
Nombre de persona Fandiño Crespo, José Manuel
Término indicativo de función interviniente
9 (RLIN) 11598
700 1# - ENCABEZAMIENTO SECUNDARIO--NOMBRE PERSONAL
Nombre de persona Gracia Arellano, Antonio
Término indicativo de función interviniente
9 (RLIN) 14013
700 1# - ENCABEZAMIENTO SECUNDARIO--NOMBRE PERSONAL
Nombre de persona Nava Cano, Juan José
Término indicativo de función interviniente
9 (RLIN) 19502
700 1# - ENCABEZAMIENTO SECUNDARIO--NOMBRE PERSONAL
Nombre de persona Rodríguez Sánchez, Julio
Término indicativo de función interviniente
9 (RLIN) 22439
700 1# - ENCABEZAMIENTO SECUNDARIO--NOMBRE PERSONAL
Nombre de persona Moreno Piñero, Fernando
Término indicativo de función interviniente
9 (RLIN) 19131
700 1# - ENCABEZAMIENTO SECUNDARIO--NOMBRE PERSONAL
Nombre de persona Fidalgo Velilla, José María
Término indicativo de función interviniente
9 (RLIN) 12096
700 1# - ENCABEZAMIENTO SECUNDARIO--NOMBRE PERSONAL
Nombre de persona Pujol Segarra, Joan
Término indicativo de función interviniente
9 (RLIN) 21498
700 1# - ENCABEZAMIENTO SECUNDARIO--NOMBRE PERSONAL
Nombre de persona Pujol Segarra, Joan
Término indicativo de función ponente
9 (RLIN) 21498
710 1# - ENCABEZAMIENTO SECUNDARIO--NOMBRE CORPORATIVO
Nombre de entidad o nombre de jurisdicción como elemento inicial España
Unidad subordinada Ministerio de Economía y Hacienda
Término indicativo de función solicitante
9 (RLIN) 3237
856 ## - ACCESO ELECTRÓNICO
Identificador Uniforme del Recurso (URI) <a href="http://www.ces.es/documents/DIC/1994/09">http://www.ces.es/documents/DIC/1994/09</a>
Texto del enlace texto completo
902 ## - CES. TIPO DE DOCUMENTO
Tipodoc (006$c Sirtex) Dictamen
942 ## - ELEMENTOS KOHA
Fuente de clasificaión o esquema Clasificación propia del CES
Koha [por defecto] tipo de item Dictámenes/Informes/Memorias CES
Parte de clasificación 0.0.

No hay ítems disponibles.

© CES, Consejo Económico y Social de España 2021